00990nam a2200241Ia 4500003000400000005001700004008004100021020001800062040000900080041001300089050003000102100002300132245017800155246006200333260005000395300002800445500007900473650004300552650006200595650005200657700002500709700001400734OSt20201223140901.0200824s9999||||xx |||||||||||||| ||und|| a9781885216378 cGETS achiheng aBV4529  b.T7512 2002   aTripp, Paul David  0a靑春的契機:b輔導靑少年的聖經指導原則 = Age of opportunity: a biblical guide to parenting teens /c保羅.大衛.區普 (Paul David Tripp) 著; 婁曉蘭譯 a青春的契机 :b辅导靑少年的圣经指导原则 / a El Monte, CA. : b台福傳播中心c2002 aviii, 341 p.b;c21 cm. aTranslation of : Age of opportunity : a biblical guide to parenting teens. aChristian teenagers -- Religious life. aParent and teenager -- Religious aspects -- Christianity. aParenting -- Religious aspects -- Christianity. a保羅.大衛.區普 a婁曉蘭